• 首页
  • 本馆介绍
  • 公告通知
  • 最新文献
  • 馆藏检索
  • 电子资源
  • 读者导购
  • 参考咨询
  • 我的图书馆
  • 登录
  • 详细信息显示
  • 放入我的书架
  • 预约/预借图书
  • 作者相关作品
  • 分类相关作品
  • 丛书相关作品
  • 出版社相关作品

书目信息

  • 表格格式
  • 工作单格式
  • 卡片格式
题名:
财产保险
    
 
作者: 乔林 , 王绪瑾 主编
分册:  
出版信息: 北京   中国人民大学出版社  2008.02
页数: 391页
开本: 23cm
丛书名:
单 册:
中图分类: F840.65
科图分类:
主题词: 财产保险--高等教育--教材
电子资源:
ISBN: 978-7-300-08902-7
000 00898nam0 2200265 450
001 012004243262
005 20120628153120.95
010    @a978-7-300-08902-7@dCNY30.00
100    @a20080516d2008 em y0chiy0110 ea
101 0  @achi
102    @aCN@b110000
105    @ay z 000yy
106    @ar
200 1  @a财产保险@9cai chan bao xian@f乔林, 王绪瑾主编
205    @a2版
210    @a北京@c中国人民大学出版社@d2008.02
215    @a391页@d23cm
300    @a普通高等教育“十一五”国家级规划教材 教育部、保监会推荐教材 经济管理类课程教材·保险系列
330    @a本书共十五章,介绍了财产保险导论、财产保险的基本原则、财产保险数理基础、财产保险合同、险种与价格、企业财产保险等内容。
606 0  @a财产保险@x高等教育@j教材
690    @aF840.65@v4
701  0 @a乔林@9qiao lin@4主编
701  0 @a王绪瑾@9wang xu jin@4主编
801  0 @aCN@bNLC@c20080516
905    @b541889-92@dF840.65@e63=2@f4
    
    财产保险/乔林, 王绪瑾主编.-2版.-北京:中国人民大学出版社,2008.02
    391页;23cm
    普通高等教育“十一五”国家级规划教材 教育部、保监会推荐教材 经济管理类课程教材·保险系列
    
    ISBN 978-7-300-08902-7:CNY30.00
    本书共十五章,介绍了财产保险导论、财产保险的基本原则、财产保险数理基础、财产保险合同、险种与价格、企业财产保险等内容。
●
相关链接 在E读中查询图书 在五车中查询图书 在当当中查询图书 在豆瓣中查询图书


正题名:财产保险     索取号:F840.65/63=2         预约/预借

序号 登录号 条形码 馆藏地/架位号 状态 备注
1 541889   205418895   第一样本阅览室/ [索取号:F840.65/63=2] 在馆    
2 541890   205418902   第一借阅区/ [索取号:F840.65/63=2] 在馆    
3 541891   205418911   第一借阅区/ [索取号:F840.65/63=2] 在馆    
4 541892   205418920   密集书库-海洋学院/ [索取号:F840.65/63=2] 在馆    
唐山师范学院图书馆 欢迎您!
大连网信软件有限公司© 版权所有